"You're a mean one, Mr. Grinch" (All lyrics) - Statistics

General Stats
  • This quiz has been taken 160 times
  • The average score is 133 of 230
Answer Stats
Answer % Correct
a
100%
You
100%
you
100%
one
98%
Your
98%
your
98%
me
97%
mean
95%
Grinch
93%
Mr.
93%
an
90%
You're
90%
you're
90%
are
85%
really
78%
as
71%
with
64%
I
59%
bad
58%
eel
58%
cactus
56%
cuddly
56%
banana
53%
black
53%
charming
53%
pole
53%
the
53%
The
53%
heart
51%
and
49%
foot
49%
greasy
49%
heel
49%
wouldn't
47%
in
46%
of
46%
peel
46%
touch
46%
half
44%
is
44%
nine
44%
soul
44%
thirty
44%
crocodile
42%
empty
42%
smile
42%
foul
41%
hole
41%
monster
41%
stink
41%
stunk
41%
termites
41%
full
39%
got
39%
stank
39%
you've
39%
have
37%
heart's
37%
seasick
37%
garlic
36%
all
34%
spiders
34%
three
34%
vile
34%
brain
32%
I'd
32%
socks
32%
sweetness
32%
tender
32%
describe
31%
nasty
31%
that
31%
two
31%
words
31%
between
29%
choice
29%
Given
29%
gunk
29%
rotter
29%
unwashed
29%
moldy
27%
quote
27%
skunk
27%
wasty
27%
best
25%
follows
25%
purple
25%
spots
25%
take
25%
tomato
25%
king
24%
sauce
24%
naus
22%
sinful
22%
sots
22%
up
22%
dead
20%
heap
20%
most
20%
tangled
20%
appalling
19%
arsenic
19%
dump
19%
knots
19%
mangled
19%
nauseate
19%
sandwich
19%
super
19%
crooked
17%
decker
17%
drive
17%
nauseous
17%
overflowing
17%
rubbish
17%
toadstool
17%
imaginable
15%
jerky
15%
sauerkraut
15%
splotched
15%
assortment
14%
disgraceful
14%
hoss
14%
jockey
14%
deplorable
10%
No matching quizzes found
Score Distribution
Percent of People with Each Score
Percentile by Number Answered
Your Score History
You have not taken this quiz